Lợi ích nhóm : Thực trạng và Giải pháp

Nội dung cuốn sách giới thiệu những vấn đề lý luận về lợi ích nhóm, nhận diện lợi ích nhóm. Giải pháp ngăn chặn lợi ích nhóm, lợi ích nhóm nhìn từ Mỹ và bài học đối với Việt Nam.

Saved in:
Bibliographic Details
Main Author: Lê, Quốc Lý
Format: Book
Language:Undetermined
Published: Hà Nội Chính trị Quốc gia - Sự thật 2014
Subjects:
Tags: Add Tag
No Tags, Be the first to tag this record!
Institutions: Trung tâm Học liệu Trường Đại học Cần Thơ
LEADER 00951nam a2200217Ia 4500
001 CTU_207211
008 210402s9999 xx 000 0 und d
020 |c 44000 
082 |a 324.4 
082 |b L600 
100 |a Lê, Quốc Lý 
245 0 |a Lợi ích nhóm : 
245 0 |b Thực trạng và Giải pháp 
245 0 |c Lê Quốc Lý (chủ biên) 
260 |a Hà Nội 
260 |b Chính trị Quốc gia - Sự thật 
260 |c 2014 
520 |a Nội dung cuốn sách giới thiệu những vấn đề lý luận về lợi ích nhóm, nhận diện lợi ích nhóm. Giải pháp ngăn chặn lợi ích nhóm, lợi ích nhóm nhìn từ Mỹ và bài học đối với Việt Nam. 
650 |a Benefits resource group,Nghiên cứu lợi ích nhóm 
904 |i Qhieu 
980 |a Trung tâm Học liệu Trường Đại học Cần Thơ